Statistics for American Overseas Territories

Click here to take the quiz!

General Stats

  • This quiz has been taken 23 times
  • The average score is 6 of 14

Answer Stats

ContinentAnswer% Correct
North AmericaCommonwealth of Puerto Rico
100%
OceaniaGuam
91%
North AmericaVirgin Islands of the United States
82%
OceaniaAmerican Samoa
73%
OceaniaCommonwealth of the Northern Mariana Islands
45%
OceaniaWake Island
41%
OceaniaMidway Atoll
32%
OceaniaBaker Island
23%
OceaniaNavassa Island
18%
OceaniaJarvis Island
14%
OceaniaJohnston Atoll
14%
OceaniaPalmyra Atoll
14%
OceaniaHowland Island
9%
OceaniaKingman Reef
9%

Score Distribution

Percentile by Number Answered

Percent of People with Each Score

Your Score History

You have not taken this quiz